| 000 | 00716nam a22002297a 4500 | ||
|---|---|---|---|
| 003 | 3228 | ||
| 005 | 20241002132105.0 | ||
| 008 | 241002b sa ||||| |||| 00| 0 eng d | ||
| 020 |
_a9781430 800798 _cPaperback |
||
| 040 |
_aRDA _bEnglish _c3228 |
||
| 082 | _aST 330 BLIG | ||
| 100 |
_aBlignaut, S _9129273 |
||
| 245 |
_aEconomics. N4: _bStudent's Book _cS. Blignaut |
||
| 260 |
_aNorthcliff [Gauteng] : _bMacmillan South Africa [distributor], _c 2012 |
||
| 300 |
_a148 pages _bcolour illustrations: _c25 cm |
||
| 490 |
_a TVET First NATED Series _x9781430 800798 |
||
| 504 | _aIncludes Glossary | ||
| 521 | _aAdult | ||
| 651 |
_aSouth Africa _9116385 |
||
| 700 |
_aS. Blignaut _9132845 |
||
| 942 |
_2ddc _cJOURNAL _w12663 _xPriscilla Nozizwe Mogale _y12663 _zPriscilla Nozizwe Mogale |
||
| 999 |
_c768338 _d768337 |
||